[Event "Hastings Weekend op-A"]
[Site "Hastings"]
[Date "2024.01.06"]
[Round "1"]
[White "Verma, Shlok"]
[Black "Rastogi, Nayan Keats"]
[Result "1-0"]
[WhiteElo "2003"]
[BlackElo "1650"]
[PlyCount "113"]
[EventDate "2024.01.06"]
[EventType "swiss"]
[EventRounds "5"]
[EventCountry "ENG"]
[SourceTitle "CB02_2024"]
[SourceDate "2024.01.10"]
[SourceVersion "1"]
[SourceVersionDate "2024.01.10"]
[SourceQuality "1"]

1. d4 Nf6 2. c4 e6 3. Nf3 Bb4+ 4. Bd2 Bxd2+ 5. Qxd2 0-0 6. Nc3 d5 7. e3 Qe7 8. Bd3 Nbd7 9. 0-0 b6 10. Qe2 Bb7 11. cxd5 exd5 12. Rac1 Ne4 13. Ba6 Bxa6 14. Qxa6 Nxc3 15. Rxc3 c5 16. Rd1 Nf6 17. Rc2 Rfc8 18. Rdc1 Ne4 19. dxc5 bxc5 20. b3 Qc7 21. Ne1 Nf6 22. Nd3 Nd7 23. Nf4 d4 24. Nd5 Qe5 25. Qc4 dxe3 26. Nxe3 Rc7 27. Nd5 Rb7 28. Re2 Qd4 29. Ne7+ Kf8 30. Qc2 Nf6 31. Nf5 Qb4 32. Qxc5+ Qxc5 33. Rxc5 Rd8 34. g3 g6 35. Ne3 Ne4 36. Rcc2 Rbd7 37. Kg2 Nd6 38. Red2 Nb5 39. Rxd7 Rxd7 40. Rc5 Nc7 41. Nc4 Ne6 42. Ra5 Kg7 43. Ne5 Rc7 44. b4 Kf6 45. Nd3 Rc3 46. Nc5 Nxc5 47. bxc5 Ke6 48. Ra6+ Kd5 49. Rxa7 Rxc5 50. Rxf7 Ra5 51. Rxh7 Rxa2 52. Re7 Kd6 53. Re3 Ra5 54. g4 g5 55. Kg3 Rb5 56. h4 gxh4+ 57. Kxh4 1-0

[Event "Hastings Masters op"]
[Site "Hastings"]
[Date "2024.01.03"]
[Round "7"]
[White "Rastogi, Nayan Keats"]
[Black "Binks, Michael"]
[Result "1/2-1/2"]
[WhiteElo "1662"]
[BlackElo "2035"]
[PlyCount "39"]
[EventDate "2023.12.28"]
[EventType "swiss"]
[EventRounds "9"]
[EventCountry "ENG"]
[SourceTitle "CB02_2024"]
[SourceDate "2024.01.10"]
[SourceVersion "1"]
[SourceVersionDate "2024.01.10"]
[SourceQuality "1"]

1. e4 c6 2. d4 d5 3. e5 Bf5 4. Nf3 e6 5. c3 c5 6. Be3 cxd4 7. Nxd4 Bxb1 8. Rxb1 a6 9. Bd3 Ne7 10. 0-0 Nbc6 11. f4 Nxd4 12. cxd4 g6 13. Qb3 Qd7 14. Rbc1 Nc6 15. a3 Be7 16. Qd1 f5 17. Qe1 0-0 18. h3 h5 19. Be2 Kf7 20. Bf2 1/2-1/2

[Event "Robinson Cup"]
[Site "Stirling"]
[Date "2023.08.18"]
[Round "1"]
[White "Sequeira, Robert"]
[Black "Rastogi, Nayan Keats"]
[Result "0-1"]
[WhiteElo "1402"]
[BlackElo "1596"]
[PlyCount "120"]
[EventDate "2023.08.18"]
[EventType "team-tourn"]
[EventRounds "6"]
[EventCountry "SCO"]
[SourceTitle "EXT 2024"]
[Source "ChessBase"]
[SourceDate "2023.10.10"]
[SourceVersion "1"]
[SourceVersionDate "2023.10.10"]
[SourceQuality "1"]
[WhiteTeam "Wales"]
[BlackTeam "England"]
[WhiteTeamCountry "WLS"]
[BlackTeamCountry "ENG"]

1. e4 c5 2. Nf3 d6 3. Bb5+ Bd7 4. Bxd7+ Qxd7 5. c3 Nf6 6. d3 Nc6 7. Be3 e6 8. Nbd2 Be7 9. 0-0 0-0 10. d4 cxd4 11. cxd4 Rac8 12. Rc1 Rfd8 13. e5 dxe5 14. dxe5 Nd5 15. Nc4 b5 16. Ncd2 Nxe3 17. fxe3 Nb4 18. a3 Nd3 19. Rxc8 Qxc8 20. Qb3 Bc5 21. Ne4 Bxe3+ 22. Kh1 Qc6 23. Nfd2 Qb6 24. Rd1 Nxe5 25. Nf3 Nxf3 26. Rxd8+ Qxd8 27. gxf3 Qd4 28. Qc2 g6 29. Qc8+ Kg7 30. Qc3 e5 31. Qxd4 exd4 32. Kg2 f5 33. Nc5 Kf6 34. Nd3 Ke6 35. b3 a5 36. h3 Kd5 37. Kf1 a4 38. bxa4 bxa4 39. Nb2 Bc1 40. Nxa4 Bxa3 41. Nb6+ Kc5 42. Nd7+ Kc4 43. Ne5+ Kc3 44. Ke2 Bd6 45. Nd3 g5 46. Nf2 h5 47. Nd1+ Kc2 48. Nf2 Bg3 49. Nd3 Kc3 50. Nc5 Bd6 51. Nd3 Bf4 52. Nf2 Be3 53. Nd1+ Kc2 54. Nxe3+ dxe3 55. Kxe3 Kc3 56. Ke2 f4 57. Kf1 Kd3 58. Kf2 Kd2 59. Kf1 Ke3 60. Kg2 Ke2 0-1

[Event "Cambridge op"]
[Site "Cambridge"]
[Date "2023.02.17"]
[Round "5"]
[White "Norris, Anthony"]
[Black "Rastogi, Nayan Keats"]
[Result "1-0"]
[WhiteElo "1917"]
[BlackElo "1421"]
[PlyCount "97"]
[EventDate "2023.02.15"]
[EventType "swiss"]
[EventRounds "9"]
[EventCountry "ENG"]
[SourceTitle "CBM 212 Extra"]
[Source "ChessBase"]
[SourceDate "2023.03.31"]
[SourceVersion "1"]
[SourceVersionDate "2023.03.31"]
[SourceQuality "1"]

1. e4 c5 2. c3 Nf6 3. e5 Nd5 4. d4 cxd4 5. Nf3 Nc6 6. cxd4 d6 7. Bc4 Nb6 8. Bb5 dxe5 9. Nxe5 Bd7 10. Nxd7 Qxd7 11. Nc3 e6 12. 0-0 a6 13. Bxc6 Qxc6 14. Qg4 h5 15. Qg5 Rd8 16. Be3 Rh6 17. g3 h4 18. Rac1 f6 19. Qg4 f5 20. Qe2 Rh8 21. d5 Nxd5 22. Nxd5 Qxd5 23. Rfd1 Qa5 24. Rxd8+ Qxd8 25. Bg5 Qd7 26. Bxh4 Kf7 27. Rd1 Qc8 28. Qd2 Kg6 29. Qg5+ Kf7 30. Rd8 Qc7 31. Qd2 Kg6 32. Rd7 Qc8 33. Qg5+ Kh7 34. Qh5+ Kg8 35. Qf7+ Kh7 36. Qxe6 Qc1+ 37. Kg2 Qc6+ 38. Qxc6 bxc6 39. Bf6 Kg6 40. Bc3 Bc5 41. Rxg7+ Kh5 42. Rf7 Kg6 43. Rxf5 Rxh2+ 44. Kxh2 Kxf5 45. Kg2 Bd6 46. Kf3 c5 47. g4+ Kg5 48. Bd2+ Kg6 49. Ke4 1-0

[Event "Cambridge op"]
[Site "Cambridge"]
[Date "2023.02.16"]
[Round "4"]
[White "Rastogi, Nayan Keats"]
[Black "Volovich, Julia"]
[Result "0-1"]
[WhiteElo "1421"]
[BlackElo "1830"]
[PlyCount "144"]
[EventDate "2023.02.15"]
[EventType "swiss"]
[EventRounds "9"]
[EventCountry "ENG"]
[SourceTitle "CBM 212 Extra"]
[Source "ChessBase"]
[SourceDate "2023.03.31"]
[SourceVersion "1"]
[SourceVersionDate "2023.03.31"]
[SourceQuality "1"]

1. e4 e6 2. d4 d5 3. e5 c5 4. c3 Nc6 5. Nf3 Bd7 6. Be2 Nge7 7. Na3 cxd4 8. cxd4 Qb6 9. 0-0 Nf5 10. Nc2 Rc8 11. g4 Nfe7 12. Rb1 Na5 13. Bd2 Ng6 14. h4 h5 15. g5 Bb5 16. Bxa5 Qxa5 17. Bxb5+ Qxb5 18. Ne3 Be7 19. Ng2 Kd7 20. Qd2 Bb4 21. Qe3 Rc4 22. Rfc1 Rhc8 23. a3 Ba5 24. b4 Bb6 25. Nf4 Ne7 26. Rxc4 Qxc4 27. Qb3 Nf5 28. Nxh5 Qxb3 29. Rxb3 Nxd4 30. Rd3 Nf5 31. Nf4 Rc2 32. Nh3 g6 33. Nd2 Nxh4 34. Ne4 Nf5 35. Rc3 Rxc3 36. Nxc3 a6 37. Nb1 Bd4 38. Kg2 Bxe5 39. f4 Bb2 40. a4 Ne3+ 41. Kf3 Nc2 42. Nf2 Nxb4 43. Ng4 Nd3 44. Ke3 Nc5 45. a5 Nb3 46. Ne5+ Bxe5 47. fxe5 Nxa5 48. Kd4 Nc6+ 49. Kc5 Nxe5 50. Nd2 b5 51. Kb6 Nc4+ 52. Kxa6 Nxd2 53. Kxb5 Ne4 54. Kb4 Nxg5 55. Kc5 Ne4+ 56. Kd4 Kd6 57. Ke3 Ke5 58. Kd3 Nc5+ 59. Ke3 d4+ 60. Kd2 Ke4 61. Ke2 d3+ 62. Kd2 Kd4 63. Kd1 Ke3 64. Ke1 g5 65. Kd1 d2 66. Kc2 Ke2 67. Kb2 d1Q 68. Ka2 Qb3+ 69. Ka1 Qb4 70. Ka2 Kd2 71. Ka1 Kc2 72. Ka2 Qb2# 0-1

[Event "Cambridge op"]
[Site "Cambridge"]
[Date "2023.02.15"]
[Round "1"]
[White "Kovalskyi, Roman"]
[Black "Rastogi, Nayan Keats"]
[Result "1-0"]
[WhiteElo "2111"]
[BlackElo "1421"]
[PlyCount "55"]
[EventDate "2023.02.15"]
[EventType "swiss"]
[EventRounds "9"]
[EventCountry "ENG"]
[SourceTitle "CBM 212 Extra"]
[Source "ChessBase"]
[SourceDate "2023.03.31"]
[SourceVersion "1"]
[SourceVersionDate "2023.03.31"]
[SourceQuality "1"]

1. e4 c5 2. Nf3 d6 3. d4 cxd4 4. Nxd4 Nf6 5. Nc3 a6 6. Bg5 e6 7. f4 Qb6 8. Bxf6 gxf6 9. Qd2 Nc6 10. Nb3 Qc7 11. 0-0-0 b5 12. f5 h5 13. Kb1 Ne5 14. Nd4 exf5 15. Nd5 Qd8 16. exf5 Bb7 17. Nxb5 axb5 18. Bxb5+ Bc6 19. Bxc6+ Nxc6 20. Qc3 Ne5 21. Rhe1 Kd7 22. Qd4 Ra6 23. Qb4 Ra7 24. Qb5+ Kc8 25. Rd3 Rb7 26. Qa6 Nxd3 27. Qa8+ Rb8 28. Qc6+ 1-0